[Event "23. Torneo Magistral de Elgoibar"]
[Site "Elgoibar ESP"]
[Date "2013.12.18"]
[Round "6.4"]
[White "Cruz, Cristhian"]
[Black "Astasio Lopez, David"]
[Result "1/2-1/2"]
[WhiteElo "2549"]
[BlackElo "2397"]
[PlyCount "21"]
[EventDate "2013.12.15"]
[EventType "tourn"]
[EventRounds "9"]
[EventCountry "ESP"]
[EventCategory "9"]
[Source "lmi"]
[SourceDate "2013.12.15"]

1. c4 c6 2. e4 d5 3. exd5 cxd5 4. d4 Nf6 5. Nc3 e6 6. Nf3 Nc6 7. Bd3 dxc4 8.
Bxc4 Be7 9. O-O O-O 10. a3 b6 11. d5 1/2-1/2

[Event "23. Torneo Magistral de Elgoibar"]
[Site "Elgoibar ESP"]
[Date "2013.12.18"]
[Round "6.5"]
[White "Paunovic, Dragan"]
[Black "Alsina Leal, Daniel"]
[Result "1/2-1/2"]
[WhiteElo "2500"]
[BlackElo "2542"]
[PlyCount "21"]
[EventDate "2013.12.15"]
[EventType "tourn"]
[EventRounds "9"]
[EventCountry "ESP"]
[EventCategory "9"]
[Source "lmi"]
[SourceDate "2013.12.15"]

1. Nf3 d5 2. g3 Nf6 3. Bg2 c6 4. O-O Bf5 5. d3 h6 6. Nbd2 Nbd7 7. c4 e6 8. b3
Be7 9. Bb2 O-O 10. a3 a5 11. Qc2 1/2-1/2

[Event "23. Torneo Magistral de Elgoibar"]
[Site "Elgoibar ESP"]
[Date "2013.12.19"]
[Round "7.1"]
[White "Alsina Leal, Daniel"]
[Black "Franco Alonso, Alejandro"]
[Result "1-0"]
[WhiteElo "2542"]
[BlackElo "2485"]
[PlyCount "93"]
[EventDate "2013.12.15"]
[EventType "tourn"]
[EventRounds "9"]
[EventCountry "ESP"]
[EventCategory "9"]
[Source "lmi"]
[SourceDate "2013.12.15"]

1. e4 c6 2. d4 d5 3. e5 Bf5 4. Nf3 e6 5. Be2 Ne7 6. O-O Nd7 7. Nbd2 Nc8 8. a4
Be7 9. a5 a6 10. c4 O-O 11. Re1 Na7 12. Nf1 dxc4 13. Bxc4 Nb5 14. Ng3 Bg6 15.
Bd3 Re8 16. Bxg6 hxg6 17. Ne4 Nf8 18. Bg5 Qd5 19. Bxe7 Rxe7 20. Qd2 Rd8 21.
Nf6+ gxf6 22. exf6 Nh7 23. fxe7 Re8 24. Qh6 Qf5 25. Re5 Qf6 26. Rae1 Rxe7 27.
h4 Nd6 28. b3 Rd7 29. Qe3 Nf5 30. Qe4 Qd8 31. Rd1 Nf6 32. Qf4 Nh5 33. Qg4 Kg7
34. g3 Rd6 35. Kg2 f6 36. Ree1 e5 37. Qe4 Rd7 38. b4 Kh7 39. Qe2 exd4 40. Qe8
Qc7 41. Nxd4 Nhg7 42. Qe4 Re7 43. Qg4 Nh6 44. Qf3 Rxe1 45. Rxe1 Qd6 46. Qc3 Ng4
47. Qc5 1-0

[Event "23. Torneo Magistral de Elgoibar"]
[Site "Elgoibar ESP"]
[Date "2013.12.19"]
[Round "7.3"]
[White "Romanishin, Oleg M"]
[Black "Cruz, Cristhian"]
[Result "1/2-1/2"]
[WhiteElo "2495"]
[BlackElo "2549"]
[PlyCount "84"]
[EventDate "2013.12.15"]
[EventType "tourn"]
[EventRounds "9"]
[EventCountry "ESP"]
[EventCategory "9"]
[Source "lmi"]
[SourceDate "2013.12.15"]

1. Nf3 Nf6 2. g3 d5 3. Bg2 c6 4. O-O Bf5 5. c4 e6 6. Qb3 Qb6 7. d3 Nbd7 8. Be3
Bc5 9. Bxc5 Nxc5 10. Qc3 a5 11. Nbd2 O-O 12. Qd4 Ncd7 13. Qxb6 Nxb6 14. cxd5
exd5 15. Nd4 Bd7 16. Rfc1 Rfc8 17. N4b3 Na4 18. Nc5 Nxc5 19. Rxc5 b6 20. Rc2 c5
21. e4 dxe4 22. dxe4 Bc6 23. Nc4 Rab8 24. e5 Nd5 25. Rd2 Ne7 26. Bh3 Re8 27.
Rd6 a4 28. Rc1 g6 29. f4 Kg7 30. g4 Bd5 31. Nxb6 Bxa2 32. f5 Nc8 33. f6+ Kg8
34. Nxc8 Rbxc8 35. g5 Rc7 36. Rcd1 h6 37. Rd8 Rxd8 38. Rxd8+ Kh7 39. Kf2 hxg5
40. Rd7 Rc6 41. Rd6 Rc7 42. Rd7 Rc6 1/2-1/2

[Event "23. Torneo Magistral de Elgoibar"]
[Site "Elgoibar ESP"]
[Date "2013.12.19"]
[Round "7.4"]
[White "Strikovic, Aleksa"]
[Black "Arribas Lopez, Angel"]
[Result "1/2-1/2"]
[WhiteElo "2529"]
[BlackElo "2488"]
[PlyCount "37"]
[EventDate "2013.12.15"]
[EventType "tourn"]
[EventRounds "9"]
[EventCountry "ESP"]
[EventCategory "9"]
[Source "lmi"]
[SourceDate "2013.12.15"]

1. c4 e5 2. Nc3 Nf6 3. Nf3 Nc6 4. d4 e4 5. Ng5 Bb4 6. d5 Bxc3+ 7. bxc3 Na5 8.
Qa4 c5 9. dxc6 dxc6 10. c5 Bf5 11. g4 Bxg4 12. Nxe4 Nxe4 13. Qxe4+ Be6 14. Be3
Qd5 15. Qxd5 Bxd5 16. Rg1 Rg8 17. Bd4 f6 18. f3 Kf7 19. e4 1/2-1/2

[Event "23. Torneo Magistral de Elgoibar"]
[Site "Elgoibar ESP"]
[Date "2013.12.19"]
[Round "7.5"]
[White "Ringoir, Tanguy"]
[Black "Barrenechea Bahamonde, Gustavo"]
[Result "1-0"]
[WhiteElo "2506"]
[BlackElo "2221"]
[PlyCount "57"]
[EventDate "2013.12.15"]
[EventType "tourn"]
[EventRounds "9"]
[EventCountry "ESP"]
[EventCategory "9"]
[Source "lmi"]
[SourceDate "2013.12.15"]

1. d4 d5 2. c4 e6 3. Nf3 c5 4. cxd5 exd5 5. Nc3 Nc6 6. g3 Nf6 7. Bg2 Be7 8. O-O
O-O 9. Bg5 Bf5 10. Rc1 c4 11. Ne5 Rc8 12. e3 Ne8 13. Bxe7 Nxe7 14. b3 f6 15.
Nf3 Bd3 16. Re1 a6 17. Na4 b6 18. Nb2 Be4 19. bxc4 dxc4 20. Nxc4 Bd5 21. Ncd2
Rxc1 22. Qxc1 b5 23. e4 Bb7 24. Nb3 Nd6 25. Nc5 Bc8 26. a4 Nc4 27. Qc3 Nc6 28.
Rb1 Na7 29. axb5 1-0

[Event "23. Torneo Magistral de Elgoibar"]
[Site "Elgoibar ESP"]
[Date "2013.12.20"]
[Round "8.1"]
[White "Franco Alonso, Alejandro"]
[Black "Barrenechea Bahamonde, Gustavo"]
[Result "0-1"]
[WhiteElo "2485"]
[BlackElo "2221"]
[PlyCount "68"]
[EventDate "2013.12.15"]
[EventType "tourn"]
[EventRounds "9"]
[EventCountry "ESP"]
[EventCategory "9"]
[Source "lmi"]
[SourceDate "2013.12.15"]

1. Nf3 c5 2. c4 Nc6 3. g3 e6 4. Bg2 d5 5. O-O Nf6 6. d4 Be7 7. dxc5 Bxc5 8.
cxd5 exd5 9. Qc2 Bb6 10. Rd1 O-O 11. Nc3 h6 12. Na4 Ba5 13. Be3 Re8 14. a3 Qe7
15. b4 Bc7 16. Rac1 Bd6 17. Nc3 a5 18. b5 d4 19. Nxd4 Nxd4 20. Bxd4 Bxa3 21.
Ra1 Be6 22. Bxf6 gxf6 23. Bxb7 Qxb7 24. Rxa3 Rac8 25. Qb2 Rc5 26. Rd4 Bh3 27.
f3 Rce5 28. Ne4 Qb6 29. e3 Rxb5 30. Qc3 Rxe4 31. fxe4 Rb1+ 32. Kf2 Rf1+ 33. Ke2
Qb1 34. e5 Rf2+ 0-1

[Event "23. Torneo Magistral de Elgoibar"]
[Site "Elgoibar ESP"]
[Date "2013.12.20"]
[Round "8.2"]
[White "Arribas Lopez, Angel"]
[Black "Ringoir, Tanguy"]
[Result "1/2-1/2"]
[WhiteElo "2488"]
[BlackElo "2506"]
[PlyCount "24"]
[EventDate "2013.12.15"]
[EventType "tourn"]
[EventRounds "9"]
[EventCountry "ESP"]
[EventCategory "9"]
[Source "lmi"]
[SourceDate "2013.12.15"]

1. e4 e5 2. Nf3 Nc6 3. Bb5 a6 4. Ba4 Nf6 5. d3 b5 6. Bb3 Bc5 7. Nc3 d6 8. Nd5
h6 9. c3 Rb8 10. O-O O-O 11. a4 Nxd5 12. Bxd5 Ne7 1/2-1/2

[Event "23. Torneo Magistral de Elgoibar"]
[Site "Elgoibar ESP"]
[Date "2013.12.20"]
[Round "8.3"]
[White "Cruz, Cristhian"]
[Black "Strikovic, Aleksa"]
[Result "1-0"]
[WhiteElo "2549"]
[BlackElo "2529"]
[PlyCount "37"]
[EventDate "2013.12.15"]
[EventType "tourn"]
[EventRounds "9"]
[EventCountry "ESP"]
[EventCategory "9"]
[Source "lmi"]
[SourceDate "2013.12.15"]

1. d4 Nf6 2. c4 g6 3. Nc3 Bg7 4. e4 d6 5. Be2 O-O 6. Nf3 e5 7. Be3 exd4 8. Nxd4
Re8 9. f3 c6 10. Nc2 Be6 11. Qd2 d5 12. Rd1 Qc8 13. cxd5 cxd5 14. e5 Nfd7 15.
f4 Nb6 16. Bxb6 axb6 17. Ne3 Nd7 18. Nexd5 f6 19. Nb5 1-0

[Event "23. Torneo Magistral de Elgoibar"]
[Site "Elgoibar ESP"]
[Date "2013.12.20"]
[Round "8.4"]
[White "Paunovic, Dragan"]
[Black "Romanishin, Oleg M"]
[Result "1/2-1/2"]
[WhiteElo "2500"]
[BlackElo "2495"]
[PlyCount "69"]
[EventDate "2013.12.15"]
[EventType "tourn"]
[EventRounds "9"]
[EventCountry "ESP"]
[EventCategory "9"]
[Source "lmi"]
[SourceDate "2013.12.15"]

1. Nf3 Nf6 2. g3 d5 3. Bg2 g6 4. O-O Bg7 5. d3 O-O 6. c3 c5 7. Nbd2 d4 8. cxd4
cxd4 9. Nc4 Be6 10. Qb3 Bd5 11. Bd2 Nbd7 12. Rfc1 e5 13. Bg5 h6 14. Bxf6 Bxf6
15. Nfd2 Nc5 16. Qb5 Bxg2 17. Kxg2 Rc8 18. Nxe5 a6 19. Qb4 Be7 20. Qc4 b5 21.
Qc2 Qd5+ 22. Nef3 g5 23. h3 h5 24. b4 Ne6 25. Qb3 Qf5 26. Ne4 g4 27. hxg4 hxg4
28. Nfd2 Kg7 29. a4 Rxc1 30. Rxc1 Rh8 31. Rh1 Rxh1 32. Kxh1 bxa4 33. Qxa4 Qb5
34. Qxb5 axb5 35. Nb3 1/2-1/2

[Event "23. Torneo Magistral de Elgoibar"]
[Site "Elgoibar ESP"]
[Date "2013.12.20"]
[Round "8.5"]
[White "Alsina Leal, Daniel"]
[Black "Astasio Lopez, David"]
[Result "1/2-1/2"]
[WhiteElo "2542"]
[BlackElo "2397"]
[PlyCount "57"]
[EventDate "2013.12.15"]
[EventType "tourn"]
[EventRounds "9"]
[EventCountry "ESP"]
[EventCategory "9"]
[Source "lmi"]
[SourceDate "2013.12.15"]

1. e4 c5 2. Nf3 e6 3. d4 cxd4 4. Nxd4 Nf6 5. Nc3 Nc6 6. Ndb5 Bb4 7. a3 Bxc3+ 8.
Nxc3 d5 9. exd5 exd5 10. Bd3 O-O 11. O-O d4 12. Ne2 Bg4 13. Bg5 h6 14. Bh4 Bxe2
15. Qxe2 Re8 16. Qf3 Ne5 17. Qxb7 Nxd3 18. cxd3 Qd5 19. Qb4 Rab8 20. Qd2 Nd7
21. Rae1 Qb3 22. Rxe8+ Rxe8 23. Rc1 Ne5 24. h3 Nxd3 25. Rc7 Re1+ 26. Kh2 Qd1
27. Qxd1 Rxd1 28. Rxa7 Nxb2 29. Rd7 1/2-1/2

[Event "23. Torneo Magistral de Elgoibar"]
[Site "Elgoibar ESP"]
[Date "2013.12.21"]
[Round "9.1"]
[White "Astasio Lopez, David"]
[Black "Franco Alonso, Alejandro"]
[Result "0-1"]
[WhiteElo "2397"]
[BlackElo "2485"]
[PlyCount "124"]
[EventDate "2013.12.15"]
[EventType "tourn"]
[EventRounds "9"]
[EventCountry "ESP"]
[EventCategory "9"]
[Source "lmi"]
[SourceDate "2013.12.15"]

1. d4 Nf6 2. Nf3 c5 3. e3 cxd4 4. exd4 d5 5. c4 g6 6. Nc3 Bg7 7. Be2 O-O 8. O-O
Nc6 9. b3 Bg4 10. Be3 Qa5 11. Rc1 Rad8 12. h3 Bxf3 13. Bxf3 dxc4 14. bxc4 Ne8
15. Ne2 Qxa2 16. Rc2 Qa5 17. Qd2 Qxd2 18. Rxd2 Nd6 19. Rc1 Nf5 20. Ra2 Nfxd4
21. Nxd4 Bxd4 22. Bxd4 Nxd4 23. Bxb7 Rd7 24. Be4 Rc8 25. Kh2 Nb3 26. Rc3 Nc5
27. Bf3 e6 28. Rca3 a6 29. Ra5 Rd4 30. Rc2 Kf8 31. Kg1 Ke7 32. Be2 h5 33. Bf3
Kd6 34. Ra1 Rb8 35. Kf1 Rb4 36. Be2 Kc7 37. Rc3 Rb2 38. Rf3 f5 39. Rg3 Rdd2 40.
Bf3 a5 41. Rxg6 a4 42. Kg1 h4 43. Rg7+ Kd6 44. Ra7 Rxf2 45. Ra8 Rfd2 46. Rd8+
Ke5 47. Rc8 Kd4 48. Rxc5 Kxc5 49. Rxa4 Rbc2 50. Ra6 Rd6 51. Ra5+ Kd4 52. c5
Rxc5 53. Ra8 Ke3 54. Ra3+ Kf4 55. Be2 e5 56. Rf3+ Kg5 57. Ra3 Rd2 58. Re3 e4
59. Ba6 Rcc2 60. Bf1 Rc1 61. Kh2 Rxf1 62. Rxe4 Rh1+ 0-1

[Event "23. Torneo Magistral de Elgoibar"]
[Site "Elgoibar ESP"]
[Date "2013.12.21"]
[Round "9.2"]
[White "Romanishin, Oleg M"]
[Black "Alsina Leal, Daniel"]
[Result "0-1"]
[WhiteElo "2495"]
[BlackElo "2542"]
[PlyCount "54"]
[EventDate "2013.12.15"]
[EventType "tourn"]
[EventRounds "9"]
[EventCountry "ESP"]
[EventCategory "9"]
[Source "lmi"]
[SourceDate "2013.12.15"]

1. Nf3 c5 2. g3 g6 3. c3 Bg7 4. d4 Qa5 5. Nbd2 cxd4 6. Nb3 Qb6 7. cxd4 Nf6 8.
Bg2 O-O 9. O-O d6 10. d5 Na6 11. Nfd4 Bd7 12. a4 Nb4 13. e4 a5 14. h3 Rfc8 15.
Ra3 Be8 16. Be3 Qd8 17. Re1 Nd7 18. Bf1 Nb6 19. Nd2 Bxd4 20. Bxd4 Nc2 21. Bxb6
Qxb6 22. Nc4 Qb4 23. Qxc2 Qxe1 24. Re3 Qb4 25. e5 b5 26. axb5 Bxb5 27. Re4 dxe5
0-1

[Event "23. Torneo Magistral de Elgoibar"]
[Site "Elgoibar ESP"]
[Date "2013.12.21"]
[Round "9.3"]
[White "Strikovic, Aleksa"]
[Black "Paunovic, Dragan"]
[Result "1/2-1/2"]
[WhiteElo "2529"]
[BlackElo "2500"]
[PlyCount "22"]
[EventDate "2013.12.15"]
[EventType "tourn"]
[EventRounds "9"]
[EventCountry "ESP"]
[EventCategory "9"]
[Source "lmi"]
[SourceDate "2013.12.15"]

1. c4 g6 2. g3 Bg7 3. Bg2 c5 4. Nf3 Nc6 5. O-O d6 6. Nc3 e5 7. Ne1 Be6 8. d3
Nge7 9. Nc2 d5 10. cxd5 Nxd5 11. Ne3 Nde7 1/2-1/2